000
00285nam a22001217a 4500
040
_c
HS
082
_a
635
100
_a
BOWYER
245
_a
Delaying postharvest senescence of cut flowers using nitric oxide
260
_a
Rirdc publication
_b
BOWYER
_c
2003
300
_a
11p;
942
_c
EK
999
_c
9928
_d
9928